Word Ladder: Distress Signal Quiz Stats

 Plays Quiz Updated Feb 23, 2019

Score 0/38 Timer 04:00
0 Plays Today
Hint 4 Letter Word % Correct
• Ten minus one •• NINE •
99.5%
Belonging to meMINE
99%
Fail to hitMISS
96.9%
• Beatles song: 'Eight ____ a Week' •• DAYS •
95.5%
Sunday happening at churchMASS
95%
A fine sprayMIST
95%
Where coins and metals are madeMINT
94.4%
'____ Comes Santa Claus'HERE
93.7%
A quarterback's throw to a receiverPASS
93.2%
• None, numerically •• ZERO •
92.2%
Credit Card Slogan: 'It ____ to Discover'PAYS
91.9%
One who shows great courageHERO
90.9%
Employ a workerHIRE
90%
• What a person eats •• FOOD •
89.9%
• Transmit email •• SEND •
88%
Fungus on fruit and breadMOLD
85.4%
Color changing ring of the 70sMOOD
84.4%
Beginning stage of a plantSEED
82.8%
Repair or fix upMEND
82.4%
Hint 4 Letter Word % Correct
A thin and flexible metal rodWIRE
82.2%
Lightbulb unitWATT
80.6%
Blend or mergeMELD
78.6%
• Give assistance or support•• HELP •
77.6%
Nevada's 'Biggest Little City'RENO
76.1%
Having affection for anotherFOND
74.8%
• Inclusive of •• WITH •
72.7%
Famed paradox writerZENO
71.4%
Germany figure skater Katarina ____WITT
71.2%
Be ready and availableWAIT
70.8%
Exercising or showing sound judgmentWISE
69.7%
A raised platformDAIS
69.1%
Tear into piecesREND
69%
Have a desire forWISH
68.3%
Look after oneselfFEND
67.4%
Large quantityHEAP
64.8%
Give consideration or attention toHEED
64.1%
The source of a stream or riverHEAD
59.5%
Adult IQ TestWAIS
58.6%

Today's Daily Dose

Missing Word
Banned Books (A-Z)

Word Ladder
Janis Joplin

Get the Picture
Occupations

You're not logged in!

Compare scores with friends on all Sporcle quizzes.
OR
Log In

Sporcle TV

Today on Sporcle TV


Watch our educational content, quiz creation guides, and fun videos on Sporcle TV.

Show Comments

Extras

Top Quizzes Today


Score Distribution

Your Account Isn't Verified!

In order to create a playlist on Sporcle, you need to verify the email address you used during registration. Go to your Sporcle Settings to finish the process.

Report this User

Report this user for behavior that violates our Community Guidelines.

Details: